00332nam a2200121Ia 450000500170000000800410001702000150005808200130007310000150008624500420010126000370014350000300018020250305014029.0240331s9999 xx 000 0 und d a9552080711 bEMEa808 aEmecheta,B 0adiriya mawak :bthe joy of motherhood aColombobGotage & Brothersc2006 aBase of Young Women story